Mots par définition #16 - Pièces de la maison - Statistiques

Statistiques générales
  • Ce quiz a été pris 334 fois
  • Le résultat moyen est 8 sur 15
Statistiques - réponses
Genre Définition Pièce % Correct
Nom Masculin Étage supérieur d'une maison, dans le comble, et qui sert en général de débarras. Grenier
98%
Nom Masculin Lieu couvert où l'on remise les véhicules. Garage
96%
Nom Féminin Pièce d'une habitation où l'on couche. Chambre
90%
Nom Féminin Partie d'un logement, d'un restaurant, etc., destinée à la préparation des aliments pour le repas. Cuisine
89%
Nom Masculin Pièce destinée au travail intellectuel ou à la réception des clients, des visiteurs. Bureau
88%
Nom Masculin Local où travaille manuellement quelqu'un pour son métier artisanal ou pour son plaisir. Atelier
71%
Nom Masculin Plate-forme à garde-corps ou balustrade en saillie sur une façade et desservie par une ou par plusieurs portes-fenêtres. Balcon
57%
Nom Masculin Pièce non voûtée, généralement fraîche, située au rez-de-chaussée d'une maison et destinée principalement à la conservation des vins, des denrées périssables. Cellier
40%
Nom Masculin Petit salon élégant, qui était à l'usage exclusif des femmes (remonte à l'époque Régence). Boudoir
37%
Nom Féminin Petit local, placard ou armoire dans lesquels on suspend les vêtements sur des cintres. Penderie
26%
Nom Masculin Pièce d'un appartement servant à la fois de salle à manger et de salon. Séjour
24%
Nom Masculin Pièce ou couloir d'entrée d'une maison, d'un édifice, donnant accès aux autres pièces ou salles et à l'escalier. Vestibule
23%
Nom Masculin Espace découvert clos autour duquel sont disposées, et sur lequel s'ouvrent, en général par des portiques, les diverses pièces d'une habitation. Patio
21%
Nom Féminin Pièce aménagée dans un comble, en principe sous toit brisé, avec mur incliné et plafond bas. Mansarde
15%
Nom Masculin Salle pour l'audition d'une œuvre musicale ou théâtrale, pour les émissions de radio ou de télévision, ou pour les enregistrements sonores. Auditorium
12%
Aucun quiz correspondant
Distribution des résultats
% des personnes avec chaque résultat
Percentile par nombre de réponses
Votre historique - résultats
Vous n’avez pas pris ce quiz